| 000 | 01150cam a22003377a 4500 | ||
|---|---|---|---|
| 003 | CHAP | ||
| 005 | 20220329135226.0 | ||
| 008 | 971013s1939 r 00010 d | ||
| 010 | _a32913 | ||
| 011 | _a33885 | ||
| 035 | _a38001 | ||
| 040 | _cCHAP | ||
| 082 |
_a338.109721 _bL6 |
||
| 100 | 0 | 0 |
_aLópez Zamora, Emilio. _968439 |
| 245 | 1 | 3 | _aLa situación del distrito de riego El Mante |
| 260 |
_aMéxico : _bEd. Ramírez Alonso, _c1939 |
||
| 300 | _a104 p. | ||
| 590 |
_aBATCH-UPD _b10 _c20130110 _lUCH01 _h0017 |
||
| 590 |
_aBATCH-UPD _b10 _c20130110 _lUCH01 _h1828 |
||
| 590 |
_aBATCH-UPD _b10 _c20130409 _lUCH01 _h1955 |
||
| 590 |
_aBATCH-UPD _b10 _c20130410 _lUCH01 _h1200 |
||
| 590 |
_aBATCH-UPD _b10 _c20130914 _lUCH01 _h1208 |
||
| 590 |
_aCONVERSION _b10 _c20130109 _lUCH01 _h1319 |
||
| 650 | 1 | 4 |
_aAgricultura _xAspectos economicos _zMexico. _91312 |
| 650 | 1 | 4 |
_aDistrito de Riego El Mante Tamps. _932888 |
| 901 | _aBK | ||
| 942 | _cLIBRO | ||
| 949 |
_a338.109721 L6 _bBC _cBPA _d-87021 _eBPA _h212 _i38001 _si |
||
| 949 |
_a338.109721 L6 _bBC _cBPA _d-87022 _eBPA _fc.2 _h213 _i38001 _si |
||
| 949 |
_a338.109721 L6 _bBC _cBPA _d-87023 _eBPA _fc.3 _h41278 _i38001 _si |
||
| 999 |
_c32913 _d32913 |
||